<?xml version="1.0" encoding="UTF-8"?>
<collection xmlns="http://www.loc.gov/MARC21/slim">
  <record>
    <leader>00000nam  2200000   4500</leader>
    <controlfield tag="001">INLIS000000000014647</controlfield>
    <controlfield tag="005">20220925104419</controlfield>
    <datafield tag="035" ind1="#" ind2="#">
      <subfield code="a">0010-0922001409</subfield>
    </datafield>
    <controlfield tag="001">INLIS000000000014640</controlfield>
    <controlfield tag="005">20220925095121</controlfield>
    <datafield tag="035" ind1="#" ind2="#">
      <subfield code="a">0010-0922001408</subfield>
    </datafield>
    <datafield tag="035" ind1="#" ind2="#">
      <subfield code="a">0010-0922001407</subfield>
    </datafield>
    <datafield tag="035" ind1="#" ind2="#">
      <subfield code="a">0010-0922001406</subfield>
    </datafield>
    <datafield tag="035" ind1="#" ind2="#">
      <subfield code="a">0010-0922001405</subfield>
    </datafield>
    <datafield tag="035" ind1="#" ind2="#">
      <subfield code="a">0010-0922001404</subfield>
    </datafield>
    <datafield tag="035" ind1="#" ind2="#">
      <subfield code="a">0010-0922001403</subfield>
    </datafield>
    <datafield tag="035" ind1="#" ind2="#">
      <subfield code="a">0010-0922001402</subfield>
    </datafield>
    <datafield tag="245" ind1="1" ind2="#">
      <subfield code="a">Pelayanan langsung perekaman KTP-EL [PEkan KTP-EL]   Dinas Kependudukan dan Pencatatan Sipil Kota Bontang /</subfield>
      <subfield code="c">MOHAMAD KARNADI, S..Sos, M.Si</subfield>
    </datafield>
    <datafield tag="100" ind1="1" ind2="#">
      <subfield code="a">KARNADI, Mohamad</subfield>
    </datafield>
    <datafield tag="250" ind1="#" ind2="#">
      <subfield code="a">1</subfield>
    </datafield>
    <datafield tag="300" ind1="#" ind2="#">
      <subfield code="a">21 halaman :</subfield>
      <subfield code="b">ilustrasi ;</subfield>
      <subfield code="c">30 cm</subfield>
    </datafield>
    <datafield tag="260" ind1="#" ind2="#">
      <subfield code="b">Puslatbang KDOD,</subfield>
      <subfield code="c">2021</subfield>
    </datafield>
    <datafield tag="084" ind1="#" ind2="#">
      <subfield code="a">PKA 110 2021</subfield>
    </datafield>
    <datafield tag="650" ind1="#" ind2="4">
      <subfield code="a">Proyek Perubahan</subfield>
    </datafield>
    <datafield tag="650" ind1="#" ind2="4">
      <subfield code="a">Administrator</subfield>
    </datafield>
    <datafield tag="650" ind1="#" ind2="4">
      <subfield code="a">sistem informasi</subfield>
    </datafield>
    <datafield tag="650" ind1="#" ind2="4">
      <subfield code="a">teknologi informasi</subfield>
    </datafield>
    <datafield tag="650" ind1="#" ind2="4">
      <subfield code="a">manajemen database</subfield>
    </datafield>
    <datafield tag="650" ind1="#" ind2="4">
      <subfield code="a">layanan pemerintah</subfield>
    </datafield>
    <datafield tag="650" ind1="#" ind2="4">
      <subfield code="a">layanan informasi</subfield>
    </datafield>
    <datafield tag="650" ind1="#" ind2="4">
      <subfield code="a">data penduduk</subfield>
    </datafield>
    <datafield tag="650" ind1="#" ind2="4">
      <subfield code="a">identitas penduduk</subfield>
    </datafield>
    <datafield tag="520" ind1="#" ind2="#">
      <subfield code="a">Laporan proyek perubahan ini menjelaskan masalah adanya kasus di lapangan bahwa masih terdapat masyarakat yang belum memiliki KTP Elektronik. Inovasi Pelayanan langsung perekaman KTP-EL (PEkan KTP-EL) adalah optimalisasi pelayanan langsung perekaman KTP Elektronik kepada warga yang tidak Memiliki Dokumen Kependudukan Sebagai Warga Kota Bontang khususnya yang biodataanya tidak terdaftar dan tidak lengkap dokumen kependudukannya dalam database Kependudukan Kota Bontang sehingga warga bisa mendapatkan hak-hak sipil mereka seperti layanan berobat gratis, memiliki rasa aman karena sudah memiliki identitas resmi sebagai warga Bontang dan berhak mendapatkan perlakuan hukum yang sama atas layanan publik</subfield>
    </datafield>
    <datafield tag="500" ind1="#" ind2="#">
      <subfield code="a">Coach : Ika Retna Ningrum&#13;
Penguji : Windra Mariani&#13;
Mentor : Ir. Hj. Retno Febriyanti</subfield>
    </datafield>
    <datafield tag="990" ind1="#" ind2="#">
      <subfield code="a">PKA/110/2021</subfield>
    </datafield>
  </record>
</collection>
